Central Library OPAC University of Rajshahi

Studies in the intellectual history of Tokugawa Japan / (Record no. 62284)

MARC details
000 -LEADER
fixed length control field 01034nam a2200301 a 4500
001 - CONTROL NUMBER
control field 62284
003 - CONTROL NUMBER IDENTIFIER
rucl marc code BD-RjUL
005 - DATE AND TIME OF LATEST TRANSACTION
control field 20211209081050.0
008 - FIXED-LENGTH DATA ELEMENTS--GENERAL INFORMATION
fixed length control field 170123s1974 ja b 001 0 eng d
020 ## - INTERNATIONAL STANDARD BOOK NUMBER
International Standard Book Number 0860084442
International Standard Book Number 4130270230
International Standard Book Number 0691075662
035 ## - SYSTEM CONTROL NUMBER
System control number (BD-RjUL)62410
040 ## - CATALOGING SOURCE
Original cataloging agency BD-RjUL
Language of cataloging eng
Transcribing agency BD-RjUL
041 ## - LANGUAGE CODE
Language code of text/sound track or separate title eng
082 ## - DEWEY DECIMAL CLASSIFICATION NUMBER
Edition number 23
Classification number 320.0952
Author mark and year MAS 1974
100 1# - MAIN ENTRY--PERSONAL NAME
Personal name Maruyama, Masao,
Dates associated with a name 1914-1996 .
9 (RLIN) 185252
245 10 - TITLE STATEMENT
Title Studies in the intellectual history of Tokugawa Japan /
Statement of responsibility, etc. Masao Maruyama ; translated by Mikiso Hane.
260 ## - PUBLICATION, DISTRIBUTION, ETC. (IMPRINT)
Place of publication, distribution, etc. Tokyo :
Name of publisher, distributor, etc. University of Tokyo Press ,
Date of publication, distribution, etc. 1974.
300 ## - PHYSICAL DESCRIPTION
Pagination xxxvii, 383 p. ;
Size 22 cm.
504 ## - BIBLIOGRAPHY, ETC. NOTE
Bibliography, etc Includes bibliographical references and index.
650 #0 - SUBJECT ADDED ENTRY--TOPICAL TERM
Topical term or geographic name as entry element Political science
Geographic subdivision Japan
9 (RLIN) 185253
Form subdivision History
651 #0 - SUBJECT ADDED ENTRY--GEOGRAPHIC NAME
Geographic name Japan
General subdivision History
Chronological subdivision Tokugawa period, 1600-1868.
9 (RLIN) 185254
Geographic name Japan
General subdivision Intellectual life
Chronological subdivision 1600-1868.
9 (RLIN) 185255
700 1# - ADDED ENTRY--PERSONAL NAME
Personal name Hane, Mikiso,
Dates associated with a name 1922- .
Personal name Rogers D. Spotswood Collection.
942 ## - ADDED ENTRY ELEMENTS (KOHA)
Source of classification or shelving scheme Dewey Decimal Classification
Koha item type Books
Holdings
Lost status Source of classification or shelving scheme Damaged status Not for loan Collection code Permanent Location Current Location Shelving location Date acquired Source of acquisition Cost, normal purchase price Total Checkouts Full call number Date last seen Copy number Koha item type
  Dewey Decimal Classification   Not For Loan Non-fiction Central Library, University of Rajshahi Central Library, University of Rajshahi Reading Room 24/04/1979 Japan Foundation. 0.00   320.0952 MAS 1974 23/01/2017 C-1 Books